| 000 | 00545nam a22001817a 4500 | ||
|---|---|---|---|
| 003 | NUST - PNEC | ||
| 005 | 20170116180758.0 | ||
| 008 | 150409b xxu||||| |||| 00| 0 eng d | ||
| 040 | _cLIBRARY | ||
| 082 | _a297.49 SID | ||
| 100 |
_92256 _aSaddiqi, Muhammad Mazhar -ul-Din |
||
| 245 |
_aIslam Aur Mazahib-e-Aalam _cMuhammad Mazhar -ul-Din Saddiqi |
||
| 260 |
_aLahore: _bIdara Saqafat Islamia, _cc2002. |
||
| 300 |
_a246 p. : _c22 cm. |
||
| 650 |
_92258 _aIslam, Mazahib e alam _xGeneral |
||
| 651 |
_92257 _aIslam, Mazahib |
||
| 942 |
_2ddc _cBK |
||
| 999 |
_c62824 _d62824 |
||